000 005670000a22001810004500
003 MACL
005 20160417151352.0
008 160417b xxu||||| |||| 00| 0 eng d
040 _aMACL
_cMACL
041 _aHindi
082 _a500
100 _aनारलीकर जयंत विष्‍णु
_952693
245 _aभारत की विज्ञान यात्रा
260 _bप्रभात प्रकाशन
_c2005
_aनई दिल्‍ली
350 _a200
650 _aMedical Science
_952694
942 _cHIN
_k500
_2ddc
999 _c11536
_d11536